| 000 | 00592nam a2200121Ia 4500 | ||
|---|---|---|---|
| 008 | 220615s9999||||xx |||||||||||||| ||und|| | ||
| 100 | _aEllison, Carol A||Sankaran, K. V.||Murphy, Sean T. | ||
| 245 | 0 | _aInvasive Alien Plants: Impacts on Development and Options for Management | |
| 546 | _aEnglish[eng] | ||
| 650 | _aagriculture||invasive alien species||plants||attitudes||economic impact||livelihoods||environmental impact||biological control||Mikania micrantha||introduced species||invasive species | ||
| 856 | _uhttps://www.cabi.org/cabebooks/FullTextPDF/2017/20173322101.pdf | ||
| 942 | _cEB | ||
| 999 |
_c17085 _d17085 |
||